000 00743nam a2200205Ia 4500
003 OSt
005 20240807150629.0
008 210210b2005 xxu||||| |||| 00| 0 eng d
040 _cAL
041 _aKannada
082 _a321.80954K LOHB
100 _aLOHITASHVA (H C).
_dಲೋಹಿತಾಶ್ವ (ಹೆಚ್ ಸಿ)
_9175529
245 _aBharata samvidhana, manava hakkugalu mattu parisara
_bಭಾರತ ಸಂವಿಧಾನ, ಮಾನವ ಹಕ್ಕುಗಳು ಮತ್ತು ಪರಿಸರ
260 _aGadaga
_bVidyanidhi Prakashana
_c2005
300 _a294
650 _aIndian Constitution Human Rights Environment
_9175530
690 _aIndian Constitution & Government
_9175531
906 _a060506
942 _2ddc
_cBK
999 _c107384
_d107384